[Event "70.Camp. Veneto Quarti di Finale"]
[Site "Nevegal ITA"]
[Date "2010.05.09"]
[Round "5.5"]
[White "Scali, Fausto"]
[Black "Buzzatti, Francesco"]
[Result "1-0"]
[WhiteElo "1974"]
[BlackElo "1918"]
[Annotator "Gabriele Ballarin"]
[PlyCount "101"]
[EventDate "2010.05.07"]
[EventType "swiss"]
[EventRounds "5"]
[EventCountry "ITA"]

1. e4 g6 2. d4 Bg7 3. Nc3 d6 4. f4 Nf6 5. Nf3 Bg4 6. h3 Bxf3 7. Qxf3 Nfd7 8. Be3 c5 9. d5 Qb6 10. Bc1 Qa5 11. Bd2 a6 12. Bd3 Qc7 13. O-O b5 14. Rae1 b4 15. Nd1 a5 16. e5 O-O 17. e6 Nb6 18. f5 c4 19. Be4 fxe6 20. dxe6 d5 21. Bxd5 Qc5+ 22. Be3 Qxd5 23. Bxb6 Rxf5 24. Qxd5 Rxd5 25. Ne3 Bd4 26. Bxd4 Rxd4 27. Rd1 Nc6 28. Nd5 Rxd1 29. Rxd1 a4 30. Nb6 Rd8 31. Rd7 b3 32. cxb3 cxb3 33. axb3 axb3 34. Nd5 Rxd7 35. exd7 Kf7 36. Nb4 Nd8 37. Nd3 Ke6 38. Nc5+ Kd6 39. Nxb3 Kxd7 40. Kf2 Kd6 41. Ke3 e5 42. Nd2 Kc5 43. Nf3 Kd5 44. b4 Nf7 45. b5 Nd6 46. Ng5 h6 47. Nh7 Nxb5 48. Nf8 g5 49. Ng6 Nd6 50. g4 Nc4+ 51. Ke2 1-0

[Event "70.Camp. Veneto Quarti di Finale"]
[Site "Nevegal ITA"]
[Date "2010.05.09"]
[Round "5.6"]
[White "Rossi, Gianni"]
[Black "Capraro, Fabio"]
[Result "0-1"]
[WhiteElo "1886"]
[BlackElo "2088"]
[Annotator "Gabriele Ballarin"]
[PlyCount "32"]
[EventDate "2010.05.07"]
[EventType "swiss"]
[EventRounds "5"]
[EventCountry "ITA"]

1. d4 Nf6 2. f3 d5 3. e4 dxe4 4. Nc3 e5 5. dxe5 Qxd1+ 6. Kxd1 Nfd7 7. Nd5 Bc5 8. Nxc7+ Ke7 9. Nxa8 Nxe5 10. Bf4 Rd8+ 11. Ke1 Nbc6 12. Rd1 exf3 13. Nxf3 Nxf3+ 14. gxf3 Nd4 15. Be2 Nxc2+ 16. Kf1 Bh3# 0-1

[Event "70.Camp. Veneto Quarti di Finale"]
[Site "Nevegal ITA"]
[Date "2010.05.09"]
[Round "5.7"]
[White "Velluti, Alberto"]
[Black "Bortolotto, Denzio"]
[Result "1/2-1/2"]
[WhiteElo "1932"]
[BlackElo "1725"]
[Annotator "Gabriele Ballarin"]
[PlyCount "92"]
[EventDate "2010.05.07"]
[EventType "swiss"]
[EventRounds "5"]
[EventCountry "ITA"]

1. e4 c5 2. Nf3 Nf6 3. e5 Nd5 4. Nc3 e6 5. Nxd5 exd5 6. b3 g6 7. Bb2 Bg7 8. Be2 O-O 9. O-O Nc6 10. Re1 d6 11. Bb5 Bg4 12. Bxc6 bxc6 13. h3 Bxf3 14. Qxf3 Re8 15. Qg3 Re6 16. f4 d4 17. exd6 Qxd6 18. Rxe6 Qxe6 19. Re1 Qd6 20. d3 Bh6 21. Re4 f5 22. Re5 Bg7 23. Re2 Bh6 24. Bc1 Rd8 25. Qf3 Rd7 26. Kf2 Kf7 27. g3 Qd5 28. Ba3 Bf8 29. Re1 Qxf3+ 30. Kxf3 Re7 31. Re2 Rxe2 32. Kxe2 Ke6 33. Bb2 Bg7 34. a4 a6 35. Bc1 h5 36. Bd2 Bf8 37. Ba5 Bd6 38. Kf3 Be7 39. Bc7 Bd6 40. Bxd6 Kxd6 41. g4 h4 42. g5 Kc7 43. Ke2 Kb6 44. Kd2 Ka5 45. c3 Kb6 46. Kc2 a5 1/2-1/2

[Event "70.Camp. Veneto Quarti di Finale"]
[Site "Nevegal ITA"]
[Date "2010.05.09"]
[Round "5.8"]
[White "Soppelsa, Maurizio"]
[Black "Dal Bianco, Nicola"]
[Result "0-1"]
[WhiteElo "1617"]
[BlackElo "1582"]
[Annotator "Gabriele Ballarin"]
[PlyCount "90"]
[EventDate "2010.05.07"]
[EventType "swiss"]
[EventRounds "5"]
[EventCountry "ITA"]

1. Nf3 Nf6 2. d4 e6 3. e3 b6 4. Bd3 Bb7 5. Nbd2 d6 6. O-O Nbd7 7. Re1 Be7 8. Qe2 O-O 9. e4 e5 10. c3 c6 11. Nf1 Qc7 12. Ng3 d5 13. exd5 cxd5 14. Nxe5 Rae8 15. f4 Bc8 16. Qc2 g6 17. Bd2 Kg7 18. h3 h5 19. Bxg6 Nxe5 20. Rxe5 fxg6 21. Rg5 Ne4 22. Rxd5 Nxd2 23. Qxd2 Qxf4 24. Qxf4 Rxf4 25. Re5 h4 26. Rae1 hxg3 27. Rxe7+ Rxe7 28. Rxe7+ Kf6 29. Re1 Ba6 30. b3 Rf2 31. a3 Bb7 32. Re3 Rxg2+ 33. Kf1 Rf2+ 34. Ke1 Rf3 35. Rxf3+ Bxf3 36. c4 Ke6 37. b4 a5 38. bxa5 bxa5 39. d5+ Kd6 40. h4 a4 41. Kf1 Kc5 42. Ke1 Kxc4 43. d6 Bc6 44. d7 Bxd7 45. Kf1 Bc6 0-1

[Event "70.Camp. Veneto Quarti di Finale"]
[Site "Nevegal ITA"]
[Date "2010.05.09"]
[Round "5.9"]
[White "Pisani, Valerio"]
[Black "Luciani, Valerio"]
[Result "0-1"]
[WhiteElo "1771"]
[BlackElo "2213"]
[Annotator "Gabriele Ballarin"]
[PlyCount "41"]
[EventDate "2010.05.07"]
[EventType "swiss"]
[EventRounds "5"]
[EventCountry "ITA"]

1. e4 c5 2. c3 b6 3. d4 Bb7 4. d5 d6 5. Nf3 Nf6 6. Bd3 Nbd7 7. c4 g6 8. b3 Nxe4 9. Bb2 Nef6 10. Nc3 Bg7 11. Qc2 O-O 12. O-O-O a6 13. a4 Ng4 14. h3 Nge5 15. Rhe1 Ra7 16. Ne4 b5 17. Nxe5 Nxe5 18. Nxc5 bxc4 19. bxc4 Qa5 20. Ne4 Nxd3+ 21. Rxd3 0-1

[Event "70.Camp. Veneto Quarti di Finale"]
[Site "Nevegal ITA"]
[Date "2010.05.09"]
[Round "5.10"]
[White "Lorusso, Giuseppe"]
[Black "De Colle, Camillo"]
[Result "1-0"]
[WhiteElo "1992"]
[BlackElo "1508"]
[Annotator "Gabriele Ballarin"]
[PlyCount "49"]
[EventDate "2010.05.07"]
[EventType "swiss"]
[EventRounds "5"]
[EventCountry "ITA"]

1. d4 e6 2. c4 Nf6 3. Nf3 c5 4. e3 cxd4 5. exd4 Nc6 6. Nc3 b6 7. Bg5 h6 8. Bh4 Bb4 9. d5 exd5 10. cxd5 Ne7 11. Bxf6 gxf6 12. Qd4 Bxc3+ 13. bxc3 Ng6 14. Be2 d6 15. O-O O-O 16. Nd2 Qe7 17. Ne4 Kg7 18. f4 Bf5 19. Ng3 Nh4 20. Rae1 Rae8 21. Kh1 Kh7 22. Nh5 Kg6 23. Qf2 Nxg2 24. Qxg2+ Kh7 25. Qg7# 1-0

[Event "70.Camp. Veneto Quarti di Finale"]
[Site "Nevegal ITA"]
[Date "2010.05.09"]
[Round "5.11"]
[White "Barp, Denis"]
[Black "Solinas, Carlo"]
[Result "0-1"]
[WhiteElo "1440"]
[BlackElo "2005"]
[Annotator "Gabriele Ballarin"]
[PlyCount "74"]
[EventDate "2010.05.07"]
[EventType "swiss"]
[EventRounds "5"]
[EventCountry "ITA"]

1. d4 Nf6 2. c4 g6 3. Nc3 Bg7 4. Nf3 O-O 5. Bf4 d6 6. e3 Nc6 7. Rb1 Nd7 8. Be2 e5 9. Bg5 f6 10. Bh4 g5 11. Bg3 Ne7 12. h3 h6 13. Qc2 f5 14. dxe5 dxe5 15. Rd1 f4 16. exf4 exf4 17. Bh2 Nf5 18. O-O c6 19. Rfe1 Qf6 20. Rd2 Nc5 21. Ne4 Nxe4 22. Qxe4 Be6 23. b3 Rae8 24. Qc2 Bc8 25. Rd3 h5 26. c5 g4 27. hxg4 hxg4 28. Nd2 g3 29. fxg3 fxg3 30. Rxg3 Qd4+ 31. Kh1 Nxg3+ 32. Bxg3 Bf5 33. Qd1 Kh8 34. Bc4 Bg4 35. Qc2 Rxe1+ 36. Bxe1 Rf6 37. Ne4 Rh6+ 0-1

[Event "70.Camp. Veneto Quarti di Finale"]
[Site "Nevegal ITA"]
[Date "2010.05.09"]
[Round "5.12"]
[White "Aprile, Martino"]
[Black "Vomiero, Luciano"]
[Result "1-0"]
[WhiteElo "1841"]
[BlackElo "1464"]
[Annotator "Gabriele Ballarin"]
[PlyCount "143"]
[EventDate "2010.05.07"]
[EventType "swiss"]
[EventRounds "5"]
[EventCountry "ITA"]

1. e4 e5 2. Nf3 d6 3. d4 exd4 4. Nxd4 Be7 5. Bc4 Nf6 6. Nc3 O-O 7. O-O a6 8. Bf4 b5 9. Bd3 Bb7 10. Nf5 Bc8 11. Nxe7+ Qxe7 12. Bg5 Qe6 13. Re1 c6 14. a3 Nfd7 15. f4 f6 16. Bh4 Nc5 17. f5 Qe7 18. Bf1 Nbd7 19. b4 Nb7 20. Bg3 Ne5 21. Bd3 Nd8 22. Qd2 Ndf7 23. Rad1 Bb7 24. Be2 Rad8 25. Bh5 Nc4 26. Bxf7+ Kxf7 27. Qc1 Kg8 28. Nb1 Ne5 29. Nd2 Rd7 30. Bxe5 dxe5 31. c4 Rfd8 32. c5 Rd3 33. Nb1 Rxd1 34. Rxd1 Bc8 35. Rd2 Rxd2 36. Qxd2 Qd7 37. Kf2 Qxd2+ 38. Nxd2 Kf7 {=} 39. Nb3 g6 40. g4 h5 41. Kg3 hxg4 42. Kxg4 gxf5+ 43. exf5 Kg7 44. Nd2 Bd7 45. Ne4 Be8 46. h4 Bf7 47. Nd6 Bb3 48. h5 Bd1+ 49. Kh4 Bf3 50. Ne8+ Kf7 51. h6 Kg8 52. Nxf6+ Kh8 53. Kg5 e4 54. Kf4 Bg2 55. Nxe4 Kh7 56. Nd6 Kxh6 57. Ke5 Kg7 58. Ke6 Kf8 59. Kd7 Bd5 60. Kc7 Ke7 61. Kb7 Bf3 62. Kxa6 Bd1 63. Kb6 Kd7 64. f6 Bf3 65. f7 Ke7 66. Nc8+ Kxf7 67. Na7 Ke8 68. Nxc6 Be4 69. Nd4 Kd7 70. Nxb5 Bc6 71. a4 Bxb5 72. Kxb5 1-0

[Event "70.Camp. Veneto Quarti di Finale"]
[Site "Nevegal ITA"]
[Date "2010.05.09"]
[Round "5.13"]
[White "Cirino, Gaetano"]
[Black "Losso, Agostino"]
[Result "0-1"]
[WhiteElo "1440"]
[BlackElo "1791"]
[Annotator "Gabriele Ballarin"]
[PlyCount "168"]
[EventDate "2010.05.07"]
[EventType "swiss"]
[EventRounds "5"]
[EventCountry "ITA"]

1. e4 d5 2. exd5 Nf6 3. d4 Nxd5 4. c4 Nb6 5. Be2 Bf5 6. Nf3 e6 7. O-O Nc6 8. Nc3 Be7 9. d5 exd5 10. cxd5 Nb4 11. Bb5+ Bd7 12. Bxd7+ Qxd7 13. Ne5 Qf5 14. Re1 O-O-O 15. Qf3 Qxf3 16. gxf3 Rhf8 17. Rb1 Bd6 18. a3 N4xd5 19. Nxd5 Nxd5 20. Nc4 Bf4 21. Be3 Rfe8 22. Bd4 f6 23. Ne3 Nxe3 24. fxe3 Be5 25. Bxe5 Rxe5 26. Re2 Red5 27. Kf2 Kd7 28. Rc1 c6 29. Ke1 Ke6 30. Rc4 Kf7 31. Rcc2 Rd1+ 32. Kf2 R8d5 33. Re1 R1d3 34. Ree2 Kg6 35. Rc1 Rb3 36. Rg1+ Kf7 37. Rc1 Rdb5 38. Rcc2 Kg6 39. Red2 Re5 40. Re2 Kh5 41. Rc4 Reb5 42. Rcc2 g5 43. Red2 Re5 44. Re2 Kh4 45. e4 Kh3 46. Re3 Rxe3 47. Kxe3 h5 48. Rd2 Re7 49. f4 g4 50. Rd6 h4 51. Rxf6 Rg7 52. Rh6 g3 53. hxg3 Kxg3 54. f5 h3 55. f6 Rg8 56. f7 Rf8 57. Rh7 h2 58. Rg7+ Kh4 59. Kf4 Kh5 60. Rh7+ Kg6 61. Rxh2 Rxf7+ 62. Ke5 Re7+ 63. Kd4 Kf6 64. Rh6+ Kg5 65. Rh8 Kf6 66. Ra8 a6 67. b4 Rd7+ 68. Ke3 Rd1 69. Rf8+ Ke7 70. Rf3 Rb1 71. Kf4 a5 72. bxa5 Rb5 73. e5 Ke6 74. Re3 Rxa5 75. Rb3 b5 76. Rd3 Ra4+ 77. Ke3 Kxe5 78. Kd2 Rd4 79. Kc3 Rxd3+ 80. Kxd3 c5 81. Kc3 Ke4 82. Kb3 Kd3 83. Kb2 Kd2 84. Kb3 c4+ 0-1

[Event "70.Camp. Veneto Quarti di Finale"]
[Site "Nevegal ITA"]
[Date "2010.05.09"]
[Round "5.14"]
[White "Bona, Massimiliano"]
[Black "Mario, Roberto"]
[Result "1/2-1/2"]
[WhiteElo "1746"]
[BlackElo "1435"]
[Annotator "Gabriele Ballarin"]
[PlyCount "148"]
[EventDate "2010.05.07"]
[EventType "swiss"]
[EventRounds "5"]
[EventCountry "ITA"]

1. d4 Nf6 2. c4 e6 3. Nf3 d5 4. Nc3 Bb4 5. Bg5 c6 6. e3 O-O 7. Bd3 dxc4 8. Bxc4 Be7 9. O-O h6 10. Bh4 Nh5 11. Bxe7 Qxe7 12. Ne4 Nf6 13. Qc2 b6 14. Nxf6+ Qxf6 15. b4 b5 16. Bb3 Bb7 17. Ne5 Qe7 18. a3 Rc8 19. Rac1 Nd7 20. Nd3 a5 21. Nc5 Nxc5 22. Qxc5 Qxc5 23. Rxc5 axb4 24. axb4 Ra3 25. Bc2 Rca8 26. Be4 R3a6 27. g3 Kf8 28. Rfc1 Rc8 29. Bd3 Raa8 30. f4 g6 31. e4 Rd8 32. d5 exd5 33. exd5 cxd5 34. Bxb5 d4 35. Bc6 Bxc6 36. Rxc6 Rab8 37. R6c4 Rb7 38. Rd1 d3 39. Kf2 Rb5 40. Ke3 Rbd5 41. Re4 d2 42. Re5 Rd3+ 43. Ke2 Rb3 44. b5 Rb8 45. Rxd2 R3xb5 46. Ke3 Rb2 47. Red5 Rxd2 48. Rxd2 Ke7 49. Ke4 Rb4+ 50. Kd5 Rb8 51. Ra2 Rd8+ 52. Ke5 Kf8 53. Ra6 Re8+ 54. Kf6 Rd8 55. h4 Rc8 56. f5 gxf5 57. Kxf5 Kg7 58. Ra5 Rc3 59. g4 Rf3+ 60. Ke4 Rh3 61. h5 Rh1 62. Ra4 Rf1 63. Ke5 Re1+ 64. Re4 Rf1 65. Rd4 Re1+ 66. Kf5 Rf1+ 67. Rf4 Re1 68. Rf2 Re8 69. g5 hxg5 70. Kxg5 Re5+ 71. Kg4 Re4+ 72. Kf5 Rh4 73. Kg5 Rh1 74. h6+ Rxh6 1/2-1/2

[Event "70.Camp. Veneto Quarti di Finale"]
[Site "Nevegal ITA"]
[Date "2010.05.09"]
[Round "5.16"]
[White "Rossi, Aldo V"]
[Black "Della Vecchia, Vincenzino"]
[Result "1-0"]
[WhiteElo "1392"]
[BlackElo "1515"]
[Annotator "Gabriele Ballarin"]
[PlyCount "74"]
[EventDate "2010.05.07"]
[EventType "swiss"]
[EventRounds "5"]
[EventCountry "ITA"]

1. c4 Nf6 2. d4 d5 3. Nc3 c6 4. Nf3 Bg4 5. e3 e6 6. b3 Bb4 7. Bd2 Nbd7 8. Be2 O-O 9. O-O Re8 10. Qc2 c5 11. Rfe1 cxd4 12. exd4 Bxc3 13. Bxc3 Ne4 14. c5 Qf6 15. Bb2 a6 16. b4 Rac8 17. a4 Nb8 18. b5 a5 19. Rf1 Nd7 20. b6 Nb8 21. Ne5 Bxe2 22. Qxe2 Qd8 23. f3 Nf6 24. Bc3 Nc6 25. Nxc6 Rxc6 26. Bxa5 Nd7 27. Ra3 Nb8 28. Re3 Na6 29. Bc3 Qf6 30. f4 Qe7 31. f5 Qg5 32. Bd2 g6 33. f6 Qh4 34. Bc3 Nxc5 35. dxc5 d4 36. Re4 Qxe4 37. Qxe4 dxc3 1-0

[Event "70.Camp. Veneto Quarti di Finale"]
[Site "Nevegal ITA"]
[Date "2010.05.09"]
[Round "5.17"]
[White "Pasa, Giovanni"]
[Black "Barp, Alberto"]
[Result "1/2-1/2"]
[WhiteElo "1443"]
[BlackElo "1500"]
[Annotator "Gabriele Ballarin"]
[PlyCount "66"]
[EventDate "2010.05.07"]
[EventType "swiss"]
[EventRounds "5"]
[EventCountry "ITA"]

1. Nf3 c6 2. g3 d5 3. Bg2 Bf5 4. d3 e6 5. Nbd2 Nf6 6. O-O h6 7. Nh4 Bh7 8. f4 Bc5+ 9. Kh1 Ng4 10. Nb3 Nf2+ 11. Rxf2 Bxf2 12. e3 Bxg3 13. hxg3 g5 14. Nf3 gxf4 15. exf4 Nd7 16. Be3 Ke7 17. Kg1 Qg8 18. Kf2 Qg7 19. Bd4 f6 20. Nc1 Rag8 21. Ne2 b6 22. Ke1 c5 23. Be3 d4 24. Bf2 e5 25. Nd2 Re8 26. fxe5 Nxe5 27. Bh3 Kd8 28. Kf1 Qe7 29. Nf4 Qb7 30. Bg2 Qd7 31. Bh3 Bf5 32. Bxf5 Qxf5 33. Qh5 Qxh5 1/2-1/2

[Event "70.Camp. Veneto Quarti di Finale"]
[Site "Nevegal ITA"]
[Date "2010.05.09"]
[Round "5.18"]
[White "Aprile, Massimo"]
[Black "Capraro, Michele"]
[Result "1/2-1/2"]
[WhiteElo "1478"]
[BlackElo "1440"]
[Annotator "Gabriele Ballarin"]
[PlyCount "92"]
[EventDate "2010.05.07"]
[EventType "swiss"]
[EventRounds "5"]
[EventCountry "ITA"]

1. Nf3 e6 2. e4 c5 3. g3 Nc6 4. Bg2 d6 5. O-O e5 6. d3 Bg4 7. Nbd2 Nf6 8. c3 b5 9. a3 a5 10. Re1 b4 11. Nf1 a4 12. Bg5 h6 13. Bd2 b3 14. Ne3 Be6 15. Rf1 d5 16. exd5 Nxd5 17. Qe2 Nxe3 18. Bxe3 Bg4 19. h3 Be6 20. Ng5 hxg5 21. Bxc6+ Bd7 22. Bxa8 Qxa8 23. Bxg5 Bxh3 24. Qxe5+ Kd7 25. Qe4 Qxe4 26. dxe4 Bxf1 27. Rxf1 f6 28. Rd1+ Ke6 29. Be3 Be7 30. Rd5 Rc8 31. Kf1 g6 32. g4 c4 33. Ra5 Rd8 34. Bd4 Bxa3 35. bxa3 b2 36. Rb5 Rxd4 37. Rxb2 Rxe4 38. Re2 f5 39. Rxe4+ fxe4 40. Ke2 Kd5 41. Kd2 g5 42. Ke2 Ke6 43. Kd2 Kd5 44. Ke3 Ke5 45. f3 exf3 46. Kxf3 Kd5 1/2-1/2

[Event "70.Camp. Veneto Quarti di Finale"]
[Site "Nevegal ITA"]
[Date "2010.05.09"]
[Round "5.19"]
[White "Dal Farra, Nicola"]
[Black "Piazzetta, Mattia"]
[Result "0-1"]
[WhiteElo "1440"]
[BlackElo "1440"]
[Annotator "Gabriele Ballarin"]
[PlyCount "44"]
[EventDate "2010.05.07"]
[EventType "swiss"]
[EventRounds "5"]
[EventCountry "ITA"]

1. d4 d5 2. Nf3 Nc6 3. e3 Bg4 4. Be2 Bxf3 5. Bxf3 Nf6 6. O-O e6 7. Nc3 Bb4 8. Bd2 Bxc3 9. Bxc3 O-O 10. Qd3 Re8 11. Rfe1 e5 12. Re2 exd4 13. exd4 Rxe2 14. Bxe2 Ne4 15. Qh3 Nxc3 16. Bd3 g6 17. bxc3 Na5 18. Re1 Nc4 19. Bxc4 dxc4 20. Re4 b6 21. Qg3 c5 22. dxc5 Qd1+ 0-1

[Event "70.Camp. Italiano"]
[Site "Siena ITA"]
[Date "2010.11.24"]
[Round "2.3"]
[White "Rombaldoni, Axel"]
[Black "Garcia Palermo, Carlos H"]
[Result "0-1"]
[WhiteElo "2471"]
[BlackElo "2465"]
[Annotator "Antonio Rosino"]
[PlyCount "50"]
[EventDate "2010.11.23"]
[EventType "tourn"]
[EventRounds "11"]
[EventCountry "ITA"]
[EventCategory "10"]

1. e4 e5 2. Nf3 Nc6 3. Bc4 Bc5 4. c3 d6 5. O-O Nf6 6. d4 exd4 7. cxd4 Bb6 8. d5 (8. h3 O-O) 8... Ne7 (8... Ne5 9. Nxe5 dxe5 10. Nc3 h6 11. Qe2 O-O 12. Be3 Bxe3 13. Qxe3) 9. Nc3 O-O 10. h3 Ng6 11. Re1 Re8 12. Nd4 (12. a4 a6 13. Bd3) 12... a6 13. b4 Nh5 14. Nf5 (14. Be3 Nhf4 15. Bf1) 14... Bxf5 15. Qxh5 Qf6 16. Qf3 (16. Be3 Bxh3 17. Qxh3 (17. Rac1 Bxe3) 17... Qxc3 18. Bxb6 Qxh3 19. gxh3 cxb6) 16... Bd4 17. Bb2 (17. Bd2 Ne5 18. Qg3 Nxc4 19. Bg5 Qe5) 17... Ne5 18. Qe2 (18. Qxf5 Nxc4 19. Qxf6 Bxf6) 18... Bxh3 19. gxh3 Nxc4 20. Qxc4 Qxf2+ 21. Kh1 Qf3+ 22. Kh2 Be5+ 23. Kg1 Qg3+ 24. Kf1 Qxh3+ 25. Ke2 Qg2+ 0-1

[Event "70.Camp. Italiano"]
[Site "Siena ITA"]
[Date "2010.12.02"]
[Round "9.1"]
[White "Garcia Palermo, Carlos H"]
[Black "Caruana, Fabiano"]
[Result "0-1"]
[WhiteElo "2465"]
[BlackElo "2709"]
[Annotator "Antonio Rosino"]
[PlyCount "48"]
[EventDate "2010.11.23"]
[EventType "tourn"]
[EventRounds "11"]
[EventCountry "ITA"]
[EventCategory "10"]

1. d4 Nf6 2. Nf3 e6 3. Bg5 h6 4. Bh4 d6 5. Nc3 (5. c4) 5... g5 6. Bg3 Nh5 7. e4 (7. e3) 7... Bg7 8. Bb5+ c6 9. Ba4 (9. Be2) 9... Nxg3 10. hxg3 Nd7 11. Qd3 (11. Bb3 g4 (11... b5 12. O-O O-O 13. Re1) 12. Nh4 Qg5 13. O-O O-O 14. a4 b6) 11... a6 12. Bb3 b5 13. a4 Bb7 (13... g4 14. Nd2 Bb7) 14. O-O O-O 15. Ne2 (15. axb5 axb5 16. Rxa8 Qxa8 17. Rd1 b4 18. Na4 c5) 15... c5 16. axb5 axb5 17. Qxb5 Bxe4 18. Nd2 (18. Rxa8 Bxa8 19. Rd1 Qc7) 18... Rb8 19. Qa6 Bg6 20. Rfd1 (20. c3 d5) 20... d5 21. c4 cxd4 22. cxd5 Nc5 23. Qa3 Nxb3 24. dxe6 (24. Nxb3 e5 25. Nc5 Qxd5) 24... Qd5 (24... Nxa1 25. e7 Qe8 26. Rxa1 Rb7 27. exf8=Q+ Bxf8 28. Qa6 Rxb2 29. Nxd4 Rxd2) (24... Qd5 25. e7 Rfe8 26. Nxb3 Rxb3) 0-1

[Event "13.Città di Padova Open B"]
[Site "Padova"]
[Date "2010.12.11"]
[Round "1.13"]
[White "Bettera, Roberto"]
[Black "Alfier, Cecilia"]
[Result "1/2-1/2"]
[WhiteElo "2009"]
[BlackElo "1675"]
[Annotator "Roberto Bettera"]
[PlyCount "46"]
[EventDate "2010.12.11"]
[EventType "swiss"]
[EventRounds "6"]
[EventCountry "ITA"]

1. d4 e6 2. Nf3 d5 3. e3 Nf6 4. Bd3 c5 5. b3 b6 6. O-O Ba6 7. c4 Be7 8. Nbd2 Nbd7 9. Bb2 Bb7 10. Qc2 (10. Qe2 $1) 10... h6 11. Ne5 O-O 12. f4 Rc8 13. a3 cxd4 14. exd4 dxc4 15. bxc4 Qc7 16. Rfe1 a6 17. f5 Bd6 18. Ndf3 Rce8 19. Kh1 Re7 20. fxe6 Rxe6 21. Bf5 Re7 22. Qb3 Rfe8 23. Nxd7 Nxd7 1/2-1/2

[Event "13.Città di Padova Open B"]
[Site "Padova"]
[Date "2010.12.11"]
[Round "1.30"]
[White "Desideri, Alessandro"]
[Black "Zanchetta, Nicola"]
[Result "1/2-1/2"]
[WhiteElo "1440"]
[BlackElo "1857"]
[Annotator "Gabriele Ballarin"]
[PlyCount "107"]
[EventDate "2010.12.11"]
[EventType "swiss"]
[EventRounds "6"]
[EventCountry "ITA"]

1. e4 c5 2. Nf3 e6 3. d4 cxd4 4. Nxd4 Bc5 5. Nb3 Bb6 6. c4 Ne7 7. Nc3 O-O 8. Bf4 f5 9. Bd6 fxe4 10. c5 Bc7 11. Nxe4 Nbc6 12. Qd2 b6 13. Bxc7 Qxc7 14. Rc1 bxc5 15. Nd6 Nf5 16. Nxc8 Raxc8 17. Rxc5 d5 18. Ba6 Qe5+ 19. Kd1 Rc7 20. h4 Ncd4 21. Rxc7 Nxb3 22. Rxg7+ Qxg7 23. axb3 Qxg2 24. Qe1 Qf3+ 25. Kc1 Nd4 26. Rg1+ Kf7 27. Rg3 Qf4+ 28. Kb1 Rg8 29. Bd3 Nf3 30. Qc3 Rxg3 31. fxg3 Qxg3 32. Bxh7 Qe1+ 33. Kc2 Qxc3+ 34. bxc3 Nxh4 35. Bd3 Ke7 36. Kd2 Nf3+ 37. Ke3 Ne5 38. Bf1 Kd6 39. Be2 Nc6 40. c4 d4+ 41. Ke4 Kc5 42. Bg4 e5 43. Bd1 Kd6 44. Bg4 Nb4 45. c5+ Kxc5 46. Kxe5 Nd3+ 47. Ke6 Kb4 48. Kd5 Kc3 49. Bd7 Nb4+ 50. Kc5 d3 51. Bg4 Kxb3 52. Kb5 Kc3 53. Bh5 Nc2 54. Ka6 1/2-1/2

[Event "13.Città di Padova Open B"]
[Site "Padova"]
[Date "2010.12.12"]
[Round "2.16"]
[White "Gioga, Michele"]
[Black "Bettera, Roberto"]
[Result "1/2-1/2"]
[WhiteElo "1658"]
[BlackElo "2009"]
[Annotator "Roberto Bettera"]
[PlyCount "57"]
[EventDate "2010.12.11"]
[EventType "swiss"]
[EventRounds "6"]
[EventCountry "ITA"]

1. d4 Nf6 2. Nf3 g6 3. Nc3 Bg7 4. e4 d6 5. Be3 O-O 6. h3 c6 7. Qd2 Qa5 8. Bd3 e5 9. dxe5 dxe5 10. Bh6 Nbd7 11. Bxg7 Kxg7 12. O-O Re8 13. a3 Nf8 14. Qe3 Ne6 15. Ne2 Bd7 16. Nd2 Nh5 17. Nc4 Qc7 18. g3 c5 $2 19. Nc3 Nd4 20. Nd5 Qb8 (20... Qd8 $1) 21. c3 Nb3 22. Rad1 Bxh3 23. Rfe1 b5 24. Nd2 Nxd2 25. Rxd2 c4 26. Bc2 Qc8 27. Bd1 Nf6 28. Nxf6 Kxf6 29. Qf3+ 1/2-1/2

[Event "13.Città di Padova Open B"]
[Site "Padova"]
[Date "2010.12.12"]
[Round "2.22"]
[White "Zanchetta, Nicola"]
[Black "Licandro, Michele"]
[Result "1-0"]
[WhiteElo "1857"]
[BlackElo "1558"]
[Annotator "Gabriele Ballarin"]
[PlyCount "105"]
[EventDate "2010.12.11"]
[EventType "swiss"]
[EventRounds "6"]
[EventCountry "ITA"]

1. e4 e5 2. Nf3 Nc6 3. Bb5 d6 4. d4 exd4 5. Qxd4 Bd7 6. Bxc6 Bxc6 7. O-O Nf6 8. Nc3 Be7 9. b4 O-O 10. b5 Bd7 11. Bb2 c5 12. Qd3 a6 13. a4 axb5 14. axb5 Qb6 15. Nd2 Rfd8 16. Nc4 Bxb5 17. Nxb6 Bxd3 18. cxd3 Ra6 19. Rxa6 bxa6 20. Ncd5 Nxd5 21. Nxd5 Kf8 22. g3 f6 23. Ra1 Ra8 24. Bc3 Bd8 25. Ba5 Bxa5 26. Rxa5 Ra7 27. Kf1 Kf7 28. Ke2 Ke6 29. Ke3 f5 30. Rxa6 Rb7 31. Nf4+ Ke5 32. Ra8 fxe4 33. Re8+ Kf5 34. dxe4+ Kg5 35. e5 Rb3+ 36. Ke2 Rb2+ 37. Kf3 Rb3+ 38. Kg2 Rb6 39. exd6 Rxd6 40. Re5+ Kf6 41. Rxc5 g5 42. Nd5+ Kg6 43. Ne3 h6 44. g4 Rf6 45. Nf5 Re6 46. Rc7 Kf6 47. Nxh6 Ke5 48. Nf5 Kf6 49. Rh7 Re4 50. Rh6+ Ke5 51. Kf3 Rf4+ 52. Kg3 Rc4 53. Rg6 1-0

[Event "13.Città di Padova Open B"]
[Site "Padova"]
[Date "2010.12.12"]
[Round "3.9"]
[White "Zanchetta, Nicola"]
[Black "Gennari, Leone"]
[Result "1/2-1/2"]
[WhiteElo "1857"]
[BlackElo "2027"]
[Annotator "Gabriele Ballarin"]
[PlyCount "81"]
[EventDate "2010.12.11"]
[EventType "swiss"]
[EventRounds "6"]
[EventCountry "ITA"]

1. e4 e6 2. d3 c5 3. Nf3 Nc6 4. Nbd2 d6 5. c3 Be7 6. Be2 Nf6 7. O-O O-O 8. h3 Qc7 9. Nh2 b5 10. a3 a5 11. f4 Bb7 12. f5 exf5 13. Rxf5 Ne5 14. Rf1 b4 15. Ndf3 Ng6 16. c4 Nd7 17. Qc2 Nde5 18. Nxe5 dxe5 19. Ng4 Bd6 20. Ne3 Ne7 21. Nd5 Qd8 22. axb4 axb4 23. Rxa8 Qxa8 24. b3 Nc6 25. Bb2 Nd4 26. Bxd4 exd4 27. Qb2 Qe8 28. Rf5 Bc8 29. Rf3 Qe5 30. Bf1 f5 31. Qe2 fxe4 32. Rxf8+ Bxf8 33. Qxe4 Qxe4 34. dxe4 Bd6 35. Kf2 Kf7 36. Kf3 Ke6 37. g3 Bd7 38. Nf4+ Kf7 39. Nd3 h6 40. Bg2 g5 41. g4 1/2-1/2

[Event "13.Città di Padova Open B"]
[Site "Padova"]
[Date "2010.12.12"]
[Round "3.12"]
[White "Bettera, Roberto"]
[Black "Bettella, Michele"]
[Result "0-1"]
[WhiteElo "2009"]
[BlackElo "1589"]
[Annotator "Roberto Bettera"]
[PlyCount "60"]
[EventDate "2010.12.11"]
[EventType "swiss"]
[EventRounds "6"]
[EventCountry "ITA"]

1. d4 d5 2. Nf3 Nf6 3. e3 Nbd7 4. Bd3 c6 5. c3 g6 6. Ne5 Bg7 7. f4 O-O 8. Nd2 Qc7 9. O-O b5 10. Qe2 Nb6 11. b3 a5 12. Ba3 a4 13. g4 Re8 14. g5 Nfd7 15. Nxf7 Kxf7 16. f5 Nf6 17. fxg6+ hxg6 18. gxf6 exf6 19. Nf3 Rh8 20. Ne5+ Kg8 21. Nxg6 Rh6 22. Ne7+ (22. Rf4 $1) 22... Kh8 23. Nf5 Bxf5 24. Bxf5 Re8 25. Rf3 Bf8 26. Bxf8 Rxf8 27. Rh3 Rxh3 28. Bxh3 Rg8+ 29. Kh1 Qh7 30. Be6 $4 (30. Qf3 $1) 30... Qe4+ 0-1